Logo BPK

Biblioteka

Politechniki Koszalińskiej

W krainie skał i zamków / (Rekord nr 45017)

Szczegóły MARC
000 -ETYKIETA REKORDU
podpole kontrolne o stałej długości 00769nam a2200229 i 4500
001 - NUMER KONTROLNY REKORDU
pole kontrolne bg
040 ## - ŹRÓDŁO KATALOGOWANIA
Instytucja, która utworzyła rekord BPK
041 0# - KOD JĘZYKA
Kod języka tekstu pol
Kod języka streszczenia lub abstraktu engfragerrus
080 ## - UNIWERSALNA KLASYFIKACJA DZIESIĘTNA - UKD
UKD 913(438)(084.121)
008 - POLE O STAŁEJ DŁUGOŚCI - DANE KONTROLNE
podpole kontrolne o stałej długości s pl f |000 0 pol
100 1# - NAZWA OSOBOWA
Nazwa osobowa PAGACZEWSKI, Stanisław
245 10 - TYTUŁ/ODPOWIEDZIALNOŚĆ
Tytuł W krainie skał i zamków /
Pozostałe elementy strefy tytułu i oznaczenia odpowiedzialności tekst Stanisław Pagaczewski, zdjęcia Henryk Hermanowicz ; grafika Zofia Rutkowska.
260 ## - STREFA ADRESU WYDAWNICZEGO
Miejsce wydania Warszawa :
Nazwa wydawcy/dystrybutora Wydaw. "Sport i Turystyka",
Data publikacji, dystrybucji/powstania dokumentu 1963.
300 ## - STREFA OPISU FIZYCZNEGO
Objętość 125, [2] s. :
Inne cechy fizyczne il. ;
Rozmiary 28 cm +
Dokument towarzyszący [Streszcz.] : 10 s.
500 ## - UWAGI OGÓLNE
Tekst uwagi Streszcz. ang., franc., niem., ros. w dod.
650 #9 - HASŁO PRZEDMIOTOWE W FORMIE NAZWY OGÓLNEJ LUB JEDNOSTKOWEJ
Nazwa ogólna lub geograficzna Fotografia polska
Określnik chronologiczny od 1944 r.
651 #9 - HASŁO PRZEDMIOTOWE W FORMIE NAZWY GEOGRAFICZNEJ
Nazwa geograficzna Polska
Określnik ogólny ikonografia
655 ## - TERMIN INDEKSOWY - OKREŚLENIE RODZAJU/FORMY DOKUMENTU
Określenie rodzaju/formy dokumentu Albumy
700 1# - HASŁO DODATKOWE - NAZWA OSOBOWA
Nazwa osobowa HERMANOWICZ, Henryk
700 1# - HASŁO DODATKOWE - NAZWA OSOBOWA
Nazwa osobowa RUTKOWSKA, Zofia.
Określenie związku między hasłem a opisywanym materiałem Il.
856 ## - LOKALIZACJA I DOSTĘP DO ELEKTRONICZNYCH DOKUMENTÓW ZDALNYCH
Link (URL) http://koha.tu.koszalin.pl/cgi-bin/koha/opac-detail.pl?biblionumber=45017
Tekst linku Katalog online BPK
942 ## - DODATKOWE ELEMENTY (KOHA)
Typ dokumentu Książka
Egzemplarze
Wycofany Status egzemplarza Uszkodzony Dostępność Lokalizacja stała Lokalizacja bieżąca Miejsce przechowywania Sygnatura Kod kreskowy Dział Typ dokumentu
      Tylko na miejscu Biblioteka Politechniki Koszalińskiej Biblioteka Politechniki Koszalińskiej Czytelnia BG 73029 02181431 91 Geografia Książka
© 2023 Biblioteka Politechniki Koszalińskiej :: KOHA